000
00289nam a2200133Ia 4500
008
211105s9999||||xx |||||||||||||| ||und||
082
_a
572 B641Q 2006
084
_b
13-00131
100
_a
Blanco, Antonio
245
0
_a
Química biológica
260
_c
2006
300
_a
0
999
_c
16853
_d
16853